|
|
|
|
| LEADER |
01018nam a2200265 a 4500 |
| 001 |
GR-MES12712 |
| 008 |
070709s enk 000 0 gre d |
| 020 |
|
|
|a 0521011221
|q paperback
|
| 020 |
|
|
|a 0521804566
|q hardback
|
| 040 |
|
|
|a GrPaTEI
|b gre
|c GR-PaULI
|
| 040 |
|
|
|a GrPaTEI
|b gre
|c GR-PaULI
|
| 082 |
|
0 |
|a 551.501
|
| 100 |
1 |
|
|a Houghton, John
|
| 245 |
1 |
4 |
|a The physics of atmospheres /
|c John Houghton.
|
| 250 |
|
|
|a 3rd ed.
|
| 260 |
|
|
|a Cambridge :
|b Cambridge University Press,
|c 2002
|
| 300 |
|
|
|a xv
|a 320σ. :
|b εικ. ;
|c 25εκ.
|
| 500 |
|
|
|a Περιλαμβάνει ευρετήριο.
|
| 650 |
|
0 |
|a Atmospheric physics
|
| 650 |
|
4 |
|a ΑΤΜΟΣΦΑΙΡΙΚΗ ΦΥΣΙΚΗ
|
| 650 |
|
4 |
|a ΜΕΤΕΩΡΟΛΟΓΙΑ
|
| 942 |
|
|
|2 ddc
|
| 952 |
|
|
|0 0
|1 0
|2 ddc
|4 0
|6 551_501000000000000_HOU
|7 0
|9 271294
|a MSLG
|b MSLG
|c BSC
|d 2021-01-17
|e 24
|f 0
|g 0.00
|l 0
|o 551.501 HOU
|p 2420000022063
|r 2021-01-17 00:00:00
|t 1
|w 2021-01-17
|y BK15
|x 20070709 0 ΜΑΤΣΙΩΡΗ 1
|x GrPaTEI
|
| 971 |
|
|
|a .b25787597
|b 01-10-20
|c 13-09-16
|
| 999 |
|
|
|c 156681
|d 156681
|